Представление документа в формате MARC21

ПолеНазваниеЗначение
  Тип записи a
  Библиографический уровень m
001 Контрольный номер RU\infra-m\znanium\bibl\2245292
005 Дата корректировки 20260429142154.5
008 Кодируемые данные 260413s2026 RU g rus u
020 Индекс ISBN __
a ISBN 978-5-16-009212-6
020 Индекс ISBN __
a ISBN 978-5-16-100685-6 (электр. издание)
040 Источник каталогиз. __
a Служба первич. каталог. Общество с ограниченной ответственностью «ЗНАНИУМ»
041 Код языка издания __
a Код языка текста rus
044 Код страны публикации __
a Код страны публикации RU
080 Индекс УДК __
a Индекс УДК 553.98(262.81)(075.4)
084 Индекс другой классификации/Индекс ББК __
2 Источник индекса rubbk
a Индекс другой классификации/Индекс ББК 26.343:35.513
084 Индекс другой классификации/Индекс ББК __
2 Источник индекса okso
a Индекс другой классификации/Индекс ББК 05.03.01
084 Индекс другой классификации/Индекс ББК __
2 Источник индекса okso
a Индекс другой классификации/Индекс ББК 05.04.01
084 Индекс другой классификации/Индекс ББК __
2 Источник индекса okso
a Индекс другой классификации/Индекс ББК 21.05.02
100 Автор __
a Автор Алиева С.А.
q Полное имя Алиева Судаба Аждаркызы
245 Заглавие __
a Заглавие Геология и нефтегазоносность Каспийской впадины
b Продолж. заглавия Монография
c Ответственность Российский государственный университет нефти и газа (НИУ) им. И.М. Губкина
250 Сведения об издании __
a Основные сведения об издании 1
260 Выходные данные __
a Место издания Москва
b Издательство ООО "Научно-издательский центр ИНФРА-М"
c Дата издания 2026
300 Физическое описание __
a Объем 486 с.
440 Серия __
a Серия Научная мысль
520 Аннотация __
a Аннотация В настоящей работе на основе многолетних исследований Каспийской впадины установлена прямая зависимость степени тектонической сложности этого региона от количества стадий геодинамической эволюции литосферы. Разработаны методы нефтегазогеологического районирования Каспийской впадины и прилегающей территории с позиций системного подхода и использования ретроспективного анализа эволюции осадочно-породных палеобассейнов существовавших на отдельных стадиях геодинамического цикла литосферы. Рассмотрены вопросы прогноза и поисков скоплений УВ приведена методика ведения поисково-разведочных работ на нефть и газ в сложно построенных регионах Каспийской впадины и прилегающей территории. Для специалистов в области поисков и разведки нефтяных и газовых скоплений УВ.
521 Примеч. о цел. назн. __
a Примеч. о целев. назн. Дополнительное профессиональное образование
650 Тематические рубрики __
a Основная рубрика Науки о Земле. Экология
x Основная подрубрика Геология полезных ископаемых
655 Указ. предметных рубрик (устаревшее) __
a Жанр/ форма (устаревшее) Монография
700 Другие авторы __
a Другие авторы Авербух Б.М.
q Полное имя Авербух Борис Маркович
700 Другие авторы __
a Другие авторы Серикова У.С.
q Полное имя Серикова Ульяна Сергеевна
u Дополнение Российский государственный университет нефти и газа (НИУ) им. И.М. Губкина
700 Другие авторы __
a Другие авторы Мустаев Р.Н.
q Полное имя Мустаев Рустам Наильевич
u Дополнение Российский государственный геологоразведочный университет имени Серго Орджоникидзе
700 Другие авторы __
a Другие авторы Керимов В.Ю.
q Полное имя Керимов Вагиф Юнус Оглы
u Дополнение Российский государственный геологоразведочный университет имени Серго Орджоникидзе
856 Электронный адрес документа 4_
a Имя сервера/домена znanium.ru
m Помощь ebs_support@infra-m.ru
n Местонахождение сервера НИЦ ИНФРА-М
u URL https://znanium.ru/catalog/document?id=481252
856 Электронный адрес документа 48
a Имя сервера/домена znanium.ru
d Путь /cover/2245
f Электронное имя 2245292.jpg
q Тип электронного формата image/jpeg
u URL https://znanium.ru/cover/2245/2245292.jpg
911 __
u 0030=https://znanium.ru/catalog/document?id=481252
911 __
u 712a=Российский государственный университет нефти и газа (НИУ) им. И.М. Губкина